| 000 | 01105cam a22003133a 4500 | ||
|---|---|---|---|
| 001 | 2323 | ||
| 003 | PGUSA | ||
| 005 | 20140828083013.0 | ||
| 008 | 000901s2000||||xxu|||||s|||||000 | eng d | ||
| 040 |
_aPGUSA _beng |
||
| 042 | _adc | ||
| 050 | 4 | _aE456 | |
| 100 | 1 |
_aLee, Robert E. _q(Robert Edward), _d1843-1914 |
|
| 245 | 1 | 0 |
_aRecollections and Letters of General Robert E. Lee _h[electronic resource] / _cRobert E. Lee |
| 260 |
_bProject Gutenberg, _c2000 |
||
| 506 | _aPublic domain in the USA. | ||
| 516 | _aElectronic text | ||
| 653 | _aLee, Robert E. (Robert Edward), 1807-1870 | ||
| 653 | _aLee, Robert E. (Robert Edward), 1807-1870 -- Correspondence | ||
| 653 | _aLee family | ||
| 653 | _aGenerals -- Confederate States of America -- Biography | ||
| 653 | _aGenerals -- United States -- Biography | ||
| 653 | _aConfederate States of America. Army -- Biography | ||
| 653 | _aLee, Robert E. (Robert Edward), 1843-1914 | ||
| 700 | 1 |
_aLee, Robert E. _q(Robert Edward), _d1807-1870 |
|
| 830 | 0 |
_aProject Gutenberg _v2323 |
|
| 856 | 4 | 0 | _uhttp://www.gutenberg.org/ebooks/2323 |
| 942 | _cEB | ||
| 999 |
_c231660 _d231660 |
||